[Event "European Youth Chess Championship B16"]
[Site "Prague, Top Hotel Prague"]
[Date "2012.08.21"]
[Round "5.38"]
[White "Fontaine, Quentin"]
[Black "Toman, Ondrej"]
[Result "1/2-1/2"]
[WhiteElo "1916"]
[BlackElo "2074"]
[PlyCount "119"]
[EventDate "2012.08.17"]

1. e4 c6 2. Ne2 d5 3. e5 c5 4. d4 Bf5 5. Ng3 Bg6 6. h4 h6 7. h5 Bh7 8. e6 fxe6
9. Bd3 Bxd3 10. Qxd3 c4 11. Qg6+ Kd7 12. Bf4 Nf6 13. Nd2 Qb6 14. Nf3 Nc6 15.
O-O-O Qa5 16. Ne5+ Nxe5 17. dxe5 c3 18. bxc3 Qxc3 19. Rd3 Qc4 20. Be3 Qxa2 21.
exf6 Rc8 22. Rdd1 exf6 23. Qd3 Bb4 24. Bd4 Rxc2+ 25. Qxc2 Rc8 26. Qxc8+ Kxc8
27. Bb2 Ba3 28. Bxa3 Qxa3+ 29. Kd2 Qb2+ 30. Ke3 b5 31. Ne2 Qe5+ 32. Kd2 Kb7 33.
Rc1 a5 34. Rc2 Qg5+ 35. f4 Qxg2 36. Rg1 Qf3 37. Rxg7+ Kb6 38. Rgc7 d4 39. Nxd4
Qxf4+ 40. Kd3 Qxc7 41. Rxc7 Kxc7 42. Nxe6+ Kd6 43. Nd4 b4 44. Nf5+ Ke6 45. Nxh6
f5 46. Ng8 Kf7 47. Nh6+ Kf6 48. Ng8+ Kg7 49. Ne7 f4 50. Nf5+ Kf6 51. h6 Kg6 52.
Nd4 a4 53. Ne6 f3 54. h7 f2 55. h8=Q f1=Q+ 56. Kd2 Qf2+ 57. Kd3 Qf3+ 58. Kc4
Qb3+ 59. Kb5 Qxe6 60. Kxa4 1/2-1/2

[Event "European Youth Chess Championship B16"]
[Site "Prague, Top Hotel Prague"]
[Date "2012.08.21"]
[Round "5.39"]
[White "Dobes, Vojtech"]
[Black "Pavelek, Tomas"]
[Result "1-0"]
[WhiteElo "2060"]
[BlackElo "1974"]
[PlyCount "55"]
[EventDate "2012.08.17"]

1. e4 e5 2. Nf3 Nc6 3. Bb5 Nd4 4. Nxd4 exd4 5. O-O Bc5 6. Bc4 d6 7. d3 Ne7 8.
Bg5 O-O 9. f4 c6 10. f5 d5 11. Bb3 f6 12. Bf4 Rf7 13. Nd2 g5 14. Bg3 b5 15. Qh5
Rg7 16. h4 Kh8 17. hxg5 Rxg5 18. Qf3 Bxf5 19. exf5 Nxf5 20. Qxf5 Rxf5 21. Rxf5
Qe8 22. Re1 Qg6 23. Rf3 Bb4 24. Re2 Rg8 25. Nf1 Qg4 26. a3 Bd6 27. Nh2 Qh5 28.
Bxd6 1-0

[Event "European Youth Chess Championship B16"]
[Site "Prague, Top Hotel Prague"]
[Date "2012.08.21"]
[Round "5.40"]
[White "Fargac, Martin"]
[Black "Walek, Petr"]
[Result "1-0"]
[WhiteElo "2051"]
[BlackElo "1952"]
[PlyCount "69"]
[EventDate "2012.08.17"]

1. Nf3 Nf6 2. c4 g6 3. g3 Bg7 4. Bg2 O-O 5. O-O d6 6. Nc3 e5 7. d4 Nbd7 8. b3
exd4 9. Nxd4 a6 10. Bb2 Rb8 11. e4 Re8 12. Qc2 c5 13. Nde2 b5 14. cxb5 axb5 15.
Nf4 Ba6 16. Rfd1 Ne5 17. Ncd5 c4 18. Nb4 Bb7 19. Nfd5 Nxd5 20. exd5 Rc8 21.
Rac1 Nd3 22. Bxg7 Nxc1 23. Ba1 cxb3 24. Qb2 Ne2+ 25. Kf1 Nc3 26. Nc6 Bxc6 27.
Qxc3 f6 28. dxc6 bxa2 29. Qb3+ Kg7 30. Qxa2 Qe7 31. Qb2 b4 32. Bd5 Rb8 33. Kg2
Rb5 34. Re1 Qxe1 35. Qxf6+ 1-0

[Event "European Youth Chess Championship B16"]
[Site "Prague, Top Hotel Prague"]
[Date "2012.08.21"]
[Round "5.41"]
[White "Popov, Kirill"]
[Black "Mcdonald, Ian"]
[Result "1/2-1/2"]
[WhiteElo "2037"]
[BlackElo "1869"]
[PlyCount "81"]
[EventDate "2012.08.17"]

1. e4 e5 2. Nf3 Nc6 3. Bb5 a6 4. Ba4 Nf6 5. d3 d6 6. c3 Be7 7. O-O O-O 8. Re1
b5 9. Bb3 Nb8 10. a4 Bb7 11. axb5 axb5 12. Rxa8 Bxa8 13. Nbd2 Nbd7 14. d4 c5
15. dxe5 dxe5 16. c4 b4 17. Qc2 Qc7 18. Nf1 Rd8 19. Bg5 Nf8 20. Bxf6 Bxf6 21.
Ne3 g6 22. Nd5 Bxd5 23. cxd5 Ra8 24. Ba4 c4 25. Bc6 Ra2 26. Qxc4 Rxb2 27. Qa6
b3 28. Qa3 Ra2 29. Qxb3 Qa7 30. Qe3 Qa5 31. h3 Be7 32. Rc1 Ba3 33. Rc4 Bd6 34.
Qb3 Ra3 35. Ra4 Rxb3 36. Rxa5 Rb1+ 37. Kh2 Rb2 38. Kg3 Rb1 39. Kh2 Rb2 40. Kg1
Rb1+ 41. Kh2 1/2-1/2

[Event "European Youth Chess Championship B16"]
[Site "Prague, Top Hotel Prague"]
[Date "2012.08.21"]
[Round "5.42"]
[White "Skalicky, Tomas"]
[Black "Urbanc, Peter"]
[Result "0-1"]
[WhiteElo "2022"]
[BlackElo "1931"]
[PlyCount "80"]
[EventDate "2012.08.17"]

1. c4 e5 2. Nc3 Nc6 3. Nf3 Nf6 4. g3 Bc5 5. Bg2 O-O 6. O-O d6 7. d3 Ne8 8. Nd5
h6 9. Rb1 Nf6 10. Ne1 Nxd5 11. cxd5 Ne7 12. b4 Bb6 13. Nc2 f5 14. e4 f4 15. Bb2
Ng6 16. d4 Qg5 17. a4 a5 18. b5 Bg4 19. f3 Bd7 20. g4 h5 21. h3 hxg4 22. hxg4
Qh4 23. Qe1 Qf6 24. Qd2 c6 25. bxc6 bxc6 26. dxc6 Bxc6 27. Qd3 Kh7 28. Ra1 Rfc8
29. Rfd1 d5 30. exd5 Bxd5 31. Na3 Rab8 32. Rac1 Kh8 33. Nb5 Nh4 34. Kf1 exd4
35. Nxd4 Qf7 36. Nf5 Nxf5 37. Qxf5 Bc4+ 38. Rxc4 Qxf5 39. gxf5 Rxc4 40. Rd7 Be3
0-1

[Event "European Youth Chess Championship B16"]
[Site "Prague, Top Hotel Prague"]
[Date "2012.08.21"]
[Round "5.44"]
[White "Grandadam, Patrik"]
[Black "Smith, Patrick L"]
[Result "1-0"]
[WhiteElo "2237"]
[BlackElo "1771"]
[PlyCount "81"]
[EventDate "2012.08.17"]

1. Nf3 f5 2. c4 Nf6 3. Nc3 g6 4. g3 Bg7 5. d4 O-O 6. Bg2 d6 7. O-O c6 8. b3 Qa5
9. Bd2 Qc7 10. Rc1 e5 11. d5 c5 12. e4 fxe4 13. Ng5 Bf5 14. Ncxe4 Nbd7 15. Nc3
a6 16. Ne6 Bxe6 17. dxe6 Nb6 18. Nd5 Nbxd5 19. cxd5 b5 20. Be3 Rad8 21. Qe2 Qe7
22. Rfd1 Rb8 23. h4 Rfc8 24. Bg5 h6 25. Bxf6 Qxf6 26. Be4 Bf8 27. Qg4 Kg7 28.
h5 g5 29. Rc3 Rc7 30. Rf3 Qd8 31. Bg6 Rbb7 32. Qf5 c4 33. Bf7 Rxf7 34. Qg6+ Kh8
35. Rxf7 Rxf7 36. exf7 Bg7 37. bxc4 bxc4 38. Qe6 Bf8 39. Rc1 Qe7 40. Qg6 Bg7
41. Rxc4 1-0

[Event "European Youth Chess Championship B16"]
[Site "Prague, Top Hotel Prague"]
[Date "2012.08.21"]
[Round "5.45"]
[White "Bocek, Tadeas"]
[Black "Shen, Yue"]
[Result "0-1"]
[WhiteElo "1830"]
[BlackElo "2139"]
[PlyCount "86"]
[EventDate "2012.08.17"]

1. e4 c6 2. d4 d5 3. e5 c5 4. c3 Nc6 5. Be2 Bf5 6. Nf3 e6 7. O-O Qb6 8. a3 cxd4
9. cxd4 Bxb1 10. Rxb1 Bxa3 11. Qa4 Bb4 12. Bb5 a6 13. Ra1 Rc8 14. Qxb4 axb5 15.
Qb3 Nge7 16. Be3 O-O 17. Rfc1 Ra8 18. g4 Ra6 19. Ra3 Rfa8 20. Rca1 Na5 21. Qd3
b4 22. Ra4 Nc4 23. Rxa6 Rxa6 24. Rxa6 bxa6 25. Bc1 b3 26. Ng5 Ng6 27. h4 h6 28.
h5 Nf8 29. Nf3 Nh7 30. Qc3 a5 31. Nd2 a4 32. Nxc4 dxc4 33. f4 Nf8 34. g5 hxg5
35. fxg5 Qb7 36. Kh2 Qc6 37. Qb4 Nd7 38. h6 Nf8 39. Kg3 Ng6 40. Kh2 Kh7 41. Kg3
Qd5 42. Qd2 Nxe5 43. Qf4 Qf3+ 0-1

[Event "European Youth Chess Championship B16"]
[Site "Prague, Top Hotel Prague"]
[Date "2012.08.21"]
[Round "5.47"]
[White "Hros, Roman"]
[Black "Shpakovsky, Kirill"]
[Result "1-0"]
[WhiteElo "1935"]
[BlackElo "1760"]
[PlyCount "113"]
[EventDate "2012.08.17"]

1. c3 e5 2. c4 Nf6 3. Nc3 d5 4. cxd5 Nxd5 5. g3 Be6 6. Bg2 Nc6 7. Nf3 Nxc3 8.
bxc3 e4 9. Ng1 Bd5 10. f3 f5 11. Qa4 b5 12. Qxb5 Rb8 13. Qa4 Bc5 14. fxe4 fxe4
15. Bxe4 O-O 16. Nf3 Kh8 17. Rf1 Qd6 18. Bxd5 Qxd5 19. Ba3 Rbe8 20. Bxc5 Qxc5
21. Nd4 Rxf1+ 22. Kxf1 Rf8+ 23. Kg1 Ne5 24. Rf1 Rxf1+ 25. Kxf1 Qf8+ 26. Kg2 c5
27. Nf3 Nxf3 28. exf3 Qd8 29. d4 Qb8 30. dxc5 Qb2+ 31. Kh3 Qe2 32. Qe4 Qf1+ 33.
Kh4 h6 34. c6 Qg1 35. Qe5 Qxh2+ 36. Kg4 Qxa2 37. c7 Qc4+ 38. f4 Qc6 39. c4 a6
40. c5 Qd7+ 41. Kh4 Kh7 42. g4 g6 43. Qd6 Qe8 44. Qe5 Qd7 45. c6 Qxc6 46. Qe7+
Kg8 47. Qd8+ Kf7 48. c8=Q Qh1+ 49. Kg3 Qe1+ 50. Kf3 Qh1+ 51. Ke3 Qe1+ 52. Kd4
Qf2+ 53. Kd5 Qf3+ 54. Kc5 Qc3+ 55. Kb6 Qb3+ 56. Ka7 Qe3+ 57. Ka8 1-0

[Event "European Youth Chess Championship B16"]
[Site "Prague, Top Hotel Prague"]
[Date "2012.08.21"]
[Round "5.48"]
[White "Ragnarsson, Dagur"]
[Black "Liduch, Filip"]
[Result "1-0"]
[WhiteElo "1913"]
[BlackElo "1683"]
[PlyCount "49"]
[EventDate "2012.08.17"]

1. c4 Nf6 2. g3 e6 3. Bg2 d5 4. Nf3 Be7 5. O-O O-O 6. b3 c6 7. Bb2 Nbd7 8. d3
b6 9. Nbd2 Bb7 10. Qc2 Rc8 11. Rad1 Qc7 12. e4 dxe4 13. dxe4 e5 14. Ne1 Rfe8
15. Nd3 Bf8 16. f4 exf4 17. gxf4 Ng4 18. Rf3 f5 19. Rg3 c5 20. Re1 h5 21. Bf3
g5 22. Qc3 Kf7 23. Qh8 fxe4 24. Qh7+ Ke6 25. Bxe4 1-0

[Event "European Youth Chess Championship B16"]
[Site "Prague, Top Hotel Prague"]
[Date "2012.08.21"]
[Round "5.51"]
[White "Melichar, Vojtech"]
[Black "Oliver, Martin"]
[Result "1/2-1/2"]
[WhiteElo "1737"]
[BlackElo "1838"]
[PlyCount "101"]
[EventDate "2012.08.17"]

1. e4 c6 2. d4 d5 3. exd5 cxd5 4. c4 Nf6 5. Nc3 Nc6 6. Nf3 Bg4 7. cxd5 Nxd5 8.
Qb3 Bxf3 9. gxf3 e6 10. Qxb7 Nxd4 11. Bb5+ Nxb5 12. Qc6+ Ke7 13. Qxb5 Qd7 14.
Nxd5+ Qxd5 15. Qxd5 exd5 16. Be3 Ke6 17. O-O-O Bb4 18. a3 Rhc8+ 19. Kb1 Bc5 20.
Rhe1 Bxe3 21. fxe3 Rc4 22. Rd4 Rac8 23. Red1 Rxd4 24. Rxd4 Rc4 25. Rxc4 dxc4
26. Kc2 Kd5 27. b4 cxb3+ 28. Kxb3 g5 29. Kc3 f5 30. Kd3 g4 31. e4+ fxe4+ 32.
fxe4+ Ke5 33. Ke3 h5 34. Kf2 Kxe4 35. Kg3 Kf5 36. Kh4 Kg6 37. h3 Kf5 38. hxg4+
hxg4 39. Kg3 a5 40. a4 Kg5 41. Kg2 Kf4 42. Kf2 Ke4 43. Kg3 Kd4 44. Kxg4 Kc4 45.
Kf3 Kb3 46. Ke3 Kxa4 47. Kd2 Kb3 48. Kc1 Ka2 49. Kc2 a4 50. Kc3 a3 51. Kc2
1/2-1/2

[Event "European Youth Chess Championship B16"]
[Site "Prague, Top Hotel Prague"]
[Date "2012.08.21"]
[Round "5.53"]
[White "Hanl, Frantisek"]
[Black "Aartun, Eivind"]
[Result "1/2-1/2"]
[WhiteElo "1911"]
[BlackElo "1826"]
[PlyCount "102"]
[EventDate "2012.08.17"]

1. e4 c5 2. Nf3 d6 3. d4 cxd4 4. Nxd4 Nf6 5. Nc3 g6 6. Be3 Bg7 7. f3 O-O 8. Qd2
Nc6 9. Bc4 Bd7 10. h4 Rc8 11. Bb3 Na5 12. g4 h5 13. gxh5 Nxh5 14. Bh6 Nc4 15.
Bxc4 Rxc4 16. Bxg7 Nxg7 17. O-O-O Qa5 18. Qh6 Qh5 19. Qe3 Be6 20. Nb3 Rfc8 21.
Rdg1 a5 22. Rg5 Qh6 23. f4 a4 24. Nd2 R4c5 25. Rxc5 Rxc5 26. Nxa4 Ra5 27. b3
Nh5 28. Qb6 Rxa4 29. bxa4 Ng3 30. Re1 Qxf4 31. Qxb7 Qf2 32. Rd1 Ne2+ 33. Kb2
Qd4+ 34. Ka3 Nc3 35. Qb4 Qxb4+ 36. Kxb4 Nxd1 37. a5 Bc8 38. Kb5 Nc3+ 39. Kb6 f5
40. Kc7 Ba6 41. Kb6 Be2 42. a6 Bxa6 43. Kxa6 fxe4 44. a3 e3 45. Nf3 e5 46. Ka5
Ne2 47. Kb4 Nd4 48. Ne1 e4 49. Kc3 Nf3 50. Ng2 e2 51. a4 d5 1/2-1/2

[Event "European Youth Chess Championship B16"]
[Site "Prague, Top Hotel Prague"]
[Date "2012.08.21"]
[Round "5.54"]
[White "Chalabi, Max"]
[Black "Gruter, Martin"]
[Result "1/2-1/2"]
[WhiteElo "1680"]
[BlackElo "1811"]
[PlyCount "82"]
[EventDate "2012.08.17"]

1. e4 e6 2. d4 d5 3. Nc3 Bb4 4. exd5 exd5 5. Bd3 Nc6 6. a3 Ba5 7. Nge2 Nge7 8.
O-O Bb6 9. Re1 O-O 10. Bg5 f6 11. Be3 Bf5 12. Nf4 Qd7 13. Nce2 Bxd3 14. Nxd3
Nf5 15. c3 Rfe8 16. Bf4 Nce7 17. Ng3 Nxg3 18. Bxg3 Nf5 19. Qg4 Rad8 20. h3 Nxg3
21. Qxd7 Rxe1+ 22. Rxe1 Rxd7 23. fxg3 c6 24. Kf2 Kf7 25. b4 Re7 26. Rxe7+ Kxe7
27. Nc5 Bxc5 28. dxc5 Ke6 29. Ke3 Ke5 30. g4 g6 31. a4 a6 32. a5 f5 33. gxf5
Kxf5 34. g3 Ke5 35. Kd3 g5 36. Ke3 h6 37. g4 Kf6 38. Kd4 Ke6 39. Kd3 Kf6 40.
Kd4 Ke6 41. Kd3 Kf6 1/2-1/2